| 000 | 00771nam a2200229Ia 4500 | ||
|---|---|---|---|
| 003 | GCL | ||
| 008 | 140319s9999 xx 000 0 ara d | ||
| 020 | _a5760149948 | ||
| 040 |
_aGCL / _cGCL |
||
| 082 | 0 | 4 |
_a704.94 _bش ب |
| 100 | 1 | _aشاكر حسن ال سعيد | |
| 245 | 1 | 0 |
_aالبحث فى جوهرة التفانى : _bبين الآنا والاخر / _cشاكر حسن ال سعيد |
| 250 | _aالاولى | ||
| 260 |
_aالامارات : _bدائرة الثقافة والاعلام ، _c2003 |
||
| 300 |
_a299 ص ؛ _c22 سم |
||
| 650 | 0 | 4 | _aالاساطير |
| 650 | 0 | 4 | _aالفنون التشكيلية |
| 650 | 0 | 4 | _aالفلكلور |
| 650 | 0 | 4 | _aالاساطير فى الفن |
| 650 | 0 | 4 | _aالاساطير الدينية |
| 942 |
_2ddc _cBK |
||
| 999 |
_c32863 _d32863 |
||